[Event "H.C Andersen Open"]
[Site "Odense"]
[Date "2013.05.12"]
[Round "9"]
[White "Epishin, Vladimir"]
[Black "Rusev, Krasimir"]
[Result "1/2-1/2"]
[WhiteElo "2603"]
[BlackElo "2545"]
[PlyCount "107"]
[EventDate "2013.05.08"]
[EventType "swiss"]
[EventRounds "9"]
[EventCountry "DEN"]
[SourceTitle "CBM 154 Extra"]
[Source "ChessBase"]
[SourceDate "2013.06.25"]

1. d4 Nf6 2. c4 e6 3. Nc3 Bb4 4. Bg5 c5 5. d5 h6 6. Bxf6 Qxf6 7. Rc1 O-O 8. Nf3
d6 9. dxe6 Qxe6 10. a3 Ba5 11. e3 b6 12. Be2 Bb7 13. O-O Bxc3 14. Rxc3 Nc6 15.
Ne1 Ne7 16. Nd3 d5 17. Bf3 Qc8 18. cxd5 Bxd5 19. Nf4 Bxf3 20. Qxf3 Qc7 21. b4
Qe5 22. Rc4 cxb4 23. axb4 a5 24. bxa5 bxa5 25. Ra4 Rab8 26. g3 Rb5 27. Rd1 Rfb8
28. Kg2 Qf6 29. Rd7 Nc6 30. Qd1 Nb4 31. Qd6 Qxd6 32. Rxd6 Rc5 33. Ne2 Ra8 34.
Nd4 Kf8 35. Rb6 Nd5 36. Rc6 Rc3 37. Kf3 g6 38. g4 Ke8 39. Rd6 Rc5 40. Rc6 Rc3
41. Rd6 Rc5 42. Rc6 Rc3 43. h4 Kd7 44. Rxc3 Nxc3 45. Ra3 Nb1 46. Ra1 Nd2+ 47.
Ke2 Nc4 48. h5 gxh5 49. gxh5 a4 50. Kd3 Nd6 51. e4 Ra5 52. f3 f5 53. exf5 Nxf5
54. Nxf5 1/2-1/2

[Event "H.C Andersen Open"]
[Site "Odense"]
[Date "2013.05.12"]
[Round "9"]
[White "Hamann, Brian"]
[Black "Jensen, Jakob"]
[Result "1/2-1/2"]
[WhiteElo "1877"]
[BlackElo "1802"]
[PlyCount "35"]
[EventDate "2013.05.08"]
[EventType "swiss"]
[EventRounds "9"]
[EventCountry "DEN"]
[SourceTitle "CBM 154 Extra"]
[Source "ChessBase"]
[SourceDate "2013.06.25"]

1. d4 d5 2. c4 e5 3. dxe5 d4 4. Nf3 Nc6 5. g3 Be6 6. b3 Qd7 7. Bg2 Be7 8. O-O
Bh3 9. Bb2 O-O-O 10. Na3 h5 11. Qd2 h4 12. Ng5 Bxg2 13. e6 fxe6 14. Kxg2 hxg3
15. hxg3 e5 16. Rh1 Nf6 17. Nc2 Qf5 18. Nf3 1/2-1/2

[Event "H.C Andersen Open"]
[Site "Odense"]
[Date "2013.05.12"]
[Round "9"]
[White "Hansen, Mads"]
[Black "Rozentalis, Eduardas"]
[Result "0-1"]
[WhiteElo "2306"]
[BlackElo "2611"]
[PlyCount "56"]
[EventDate "2013.05.08"]
[EventType "swiss"]
[EventRounds "9"]
[EventCountry "DEN"]
[SourceTitle "CBM 154 Extra"]
[Source "ChessBase"]
[SourceDate "2013.06.25"]

1. e4 Nf6 2. e5 Nd5 3. d4 d6 4. Nf3 g6 5. Be2 Bg7 6. O-O O-O 7. c4 Nb6 8. exd6
cxd6 9. b3 Nc6 10. Bb2 Bg4 11. Nbd2 d5 12. c5 Nd7 13. Rc1 b6 14. b4 bxc5 15.
bxc5 Rb8 16. Bc3 Qc7 17. Qa4 Nf6 18. Rfe1 Bxf3 19. Bxf3 h5 20. g3 e6 21. Nc4
Qd7 22. Qa6 Ne4 23. Bxe4 dxe4 24. Nd6 f5 25. Qa4 Bxd4 26. Red1 e5 27. Nb5 Rfd8
28. Qa6 Qb7 0-1

[Event "H.C Andersen Open"]
[Site "Odense"]
[Date "2013.05.12"]
[Round "9"]
[White "Heinemann, Guido"]
[Black "Matras, Ove"]
[Result "0-1"]
[WhiteElo "1856"]
[BlackElo "1855"]
[PlyCount "110"]
[EventDate "2013.05.08"]
[EventType "swiss"]
[EventRounds "9"]
[EventCountry "DEN"]
[SourceTitle "CBM 154 Extra"]
[Source "ChessBase"]
[SourceDate "2013.06.25"]

1. e4 c6 2. d4 d5 3. Nc3 dxe4 4. f3 exf3 5. Qxf3 Nf6 6. Bg5 Qxd4 7. Bxf6 Qxf6
8. Qg3 e5 9. O-O-O Qf4+ 10. Qxf4 exf4 11. Re1+ Be6 12. Nge2 Bd6 13. Ne4 Bc7 14.
Nd4 Nd7 15. Ng5 O-O-O 16. Ndxe6 fxe6 17. Nf7 e5 18. Nxh8 Rxh8 19. Bc4 Nf6 20.
Be6+ Kb8 21. Rhf1 Re8 22. Bf7 Re7 23. Bc4 Bd6 24. g3 g5 25. h4 h6 26. hxg5 hxg5
27. gxf4 gxf4 28. Rh1 Ng4 29. Bd3 Nf2 30. Rh8+ Kc7 31. Be4 Bc5 32. Rh7 Rxh7 33.
Bxh7 Be3+ 34. Kb1 Kd6 35. c3 e4 36. Kc2 Ke5 37. b4 b5 38. Bg6 c5 39. bxc5 Bxc5
40. Bxe4 Nxe4 41. Kd3 Be3 42. Rb1 a6 43. Rb4 Nd6 44. Ke2 a5 45. Rb1 Ke4 46. a4
f3+ 47. Kf1 bxa4 48. Rb8 Kd3 49. Rd8 Bc5 50. Rf8 f2 51. Rf3+ Kc2 52. Rf4 a3 53.
Ra4 Nb7 54. Ke2 Kb3 55. Rh4 a2 0-1

[Event "H.C Andersen Open"]
[Site "Odense"]
[Date "2013.05.12"]
[Round "9"]
[White "Jannik, Morten Emil"]
[Black "Rasmussen, Jens"]
[Result "0-1"]
[WhiteElo "1610"]
[BlackElo "1713"]
[PlyCount "86"]
[EventDate "2013.05.08"]
[EventType "swiss"]
[EventRounds "9"]
[EventCountry "DEN"]
[SourceTitle "CBM 154 Extra"]
[Source "ChessBase"]
[SourceDate "2013.06.25"]

1. e4 c5 2. c3 d6 3. d4 cxd4 4. cxd4 e6 5. Nf3 Bd7 6. Nc3 a6 7. Bd3 Nc6 8. O-O
Be7 9. Re1 b5 10. d5 Ne5 11. a3 Nxd3 12. Qxd3 e5 13. b4 h6 14. Bb2 Nf6 15. Ne2
O-O 16. Ng3 Nh7 17. h3 g6 18. Bc1 Kg7 19. Be3 Rh8 20. Rec1 Ng5 21. Nxg5 hxg5
22. f3 a5 23. Qd2 f5 24. exf5 gxf5 25. Bf2 Bf6 26. Ra2 axb4 27. Qxb4 Be7 28.
Rac2 Rh4 29. Qb2 Rha4 30. Rc3 Kg6 31. Be1 Bf6 32. Rb3 Rd4 33. Bc3 Rxd5 34. Re1
Qb6+ 35. Kh1 Be6 36. Rb4 Rd3 37. Rxb5 Qc6 38. Ba5 e4 39. Rb6 Qd5 40. Qb5 Rxa5
41. Qxd5 Bxd5 42. Rxd6 exf3 43. gxf3 Bxf3+ 0-1

[Event "H.C Andersen Open"]
[Site "Odense"]
[Date "2013.05.12"]
[Round "9"]
[White "Jensen, Soren2"]
[Black "Johansen, Johnny Holler"]
[Result "1/2-1/2"]
[WhiteElo "1836"]
[BlackElo "2002"]
[PlyCount "65"]
[EventDate "2013.05.08"]
[EventType "swiss"]
[EventRounds "9"]
[EventCountry "DEN"]
[SourceTitle "CBM 154 Extra"]
[Source "ChessBase"]
[SourceDate "2013.06.25"]

1. c4 Nf6 2. g3 d5 3. cxd5 Nxd5 4. Bg2 e5 5. Nc3 Be6 6. Nf3 Nc6 7. d3 Be7 8.
O-O O-O 9. Nxd5 Bxd5 10. b3 Bf6 11. e4 Be6 12. Bb2 Bg4 13. Qc2 Bxf3 14. Bxf3
Nd4 15. Bxd4 Qxd4 16. Rfd1 c6 17. Rac1 Bg5 18. Rb1 Be7 19. Qc4 Rfd8 20. Qxd4
Rxd4 21. Be2 Ba3 22. Rd2 Rad8 23. Rc2 Kf8 24. Kg2 Ke7 25. Rc4 a5 26. Kf3 R8d6
27. Rxd4 Rxd4 28. Rd1 Kd6 29. Rd2 a4 30. bxa4 Rxa4 31. Bd1 Rd4 32. Bb3 Ke7 33.
Ke2 1/2-1/2

[Event "H.C Andersen Open"]
[Site "Odense"]
[Date "2013.05.12"]
[Round "9"]
[White "Konstantinov, Maxim"]
[Black "Nielsen, Poul Erik"]
[Result "1/2-1/2"]
[WhiteElo "1990"]
[BlackElo "2107"]
[PlyCount "172"]
[EventDate "2013.05.08"]
[EventType "swiss"]
[EventRounds "9"]
[EventCountry "DEN"]
[SourceTitle "CBM 154 Extra"]
[Source "ChessBase"]
[SourceDate "2013.06.25"]

1. d4 d5 2. c4 c6 3. Nf3 Nf6 4. Nc3 g6 5. Bf4 Bg7 6. e3 O-O 7. h3 Nbd7 8. Rc1
e6 9. Ne5 Qa5 10. c5 Ne4 11. Nxd7 Bxd7 12. a3 Rfe8 13. Be5 f6 14. Bh2 Nxc3 15.
Rxc3 e5 16. Be2 exd4 17. exd4 f5 18. O-O Qd8 19. Bf3 b6 20. Bd6 Qh4 21. Rd3 Re6
22. Bg3 Qg5 23. cxb6 axb6 24. Re1 Rae8 25. Rxe6 Rxe6 26. Bc7 Qe7 27. Qd2 b5 28.
Re3 Rxe3 29. Qxe3 Kf7 30. Kf1 Qxe3 31. fxe3 Ke6 32. Ke2 c5 33. Kd3 c4+ 34. Kc3
Bf8 35. Bf4 Be7 36. g4 Be8 37. g5 Bf7 38. h4 Kd7 39. Bd1 Kc6 40. Bc2 b4+ 41.
axb4 Kb5 42. Kd2 Bxb4+ 43. Ke2 Be6 44. Bg3 Bd7 45. Be1 Bf8 46. Kf3 h6 47. h5
hxg5 48. hxg6 Bg7 49. Bg3 f4 50. Bf2 fxe3 51. Kxe3 Be6 52. Bg3 Bg8 53. Bd6 Bf6
54. Bc5 Bd8 55. Bf5 Kc6 56. Kf3 Bf6 57. Kg4 Kc7 58. Kh5 Bg7 59. Kxg5 Kd8 60.
Bc2 Be6 61. Ba4 Bh3 62. Bd1 Be6 63. Bf3 Ke8 64. Bd1 Kd8 65. Ba4 Bh3 66. Bb5 Be6
67. Bc6 Bg8 68. Kh5 Be6 69. Bb5 Bh3 70. Bc6 Be6 71. Kg5 Bg8 72. Kf5 Bh8 73. Bd6
Bxd4 74. Be5 Be3 75. Kf6 d4 76. Kg7 Be6 77. Bf6+ Kc7 78. Bf3 c3 79. bxc3 dxc3
80. Bxc3 Bf5 81. Kf6 Bxg6 82. Kxg6 Kd6 83. Kf5 Kc5 84. Be2 Bd4 85. Ba5 Bg7 86.
Bd2 Bd4 1/2-1/2

[Event "H.C Andersen Open"]
[Site "Odense"]
[Date "2013.05.12"]
[Round "9"]
[White "Nielsen, John Bauneborg"]
[Black "Jepsen, Thomas"]
[Result "1-0"]
[WhiteElo "2161"]
[BlackElo "2168"]
[PlyCount "35"]
[EventDate "2013.05.08"]
[EventType "swiss"]
[EventRounds "9"]
[EventCountry "DEN"]
[SourceTitle "CBM 154 Extra"]
[Source "ChessBase"]
[SourceDate "2013.06.25"]

1. d4 g6 2. c4 Bg7 3. Nc3 c5 4. d5 Bxc3+ 5. bxc3 Qa5 6. Bd2 f5 7. f3 Nf6 8. Qc2
d6 9. e4 O-O 10. Bd3 fxe4 11. fxe4 Ng4 12. Nf3 Nd7 13. O-O Kg7 14. h3 Nge5 15.
Nxe5 Rxf1+ 16. Rxf1 dxe5 17. Bg5 Nf6 18. d6 1-0

[Event "H.C Andersen Open"]
[Site "Odense"]
[Date "2013.05.12"]
[Round "9"]
[White "Olsson, Tomas"]
[Black "Murtuzov, Rauf Mubariz"]
[Result "1/2-1/2"]
[WhiteElo "1936"]
[BlackElo "1995"]
[PlyCount "75"]
[EventDate "2013.05.08"]
[EventType "swiss"]
[EventRounds "9"]
[EventCountry "DEN"]
[SourceTitle "CBM 154 Extra"]
[Source "ChessBase"]
[SourceDate "2013.06.25"]

1. e4 c6 2. d4 d5 3. Nc3 b5 4. a3 dxe4 5. Nxe4 Nf6 6. Nxf6+ exf6 7. Be3 Bd6 8.
Bd3 O-O 9. Ne2 Bg4 10. h3 Be6 11. Qd2 Nd7 12. Bf4 Nb6 13. Bxd6 Qxd6 14. Qf4
Rad8 15. Qxd6 Rxd6 16. O-O-O Rfd8 17. c3 Bb3 18. Bc2 Bxc2 19. Kxc2 Re8 20. Nf4
g5 21. Nd3 Rde6 22. Rde1 Kf8 23. Kd1 Nd7 24. Kd2 Ke7 25. f4 Kd6 26. f5 Rxe1 27.
Rxe1 Rxe1 28. Nxe1 Kd5 29. Kd3 Nb6 30. b3 c5 31. dxc5 Kxc5 32. Ke4 Nd5 33. Nd3+
Kd6 34. Kd4 Ne7 35. Ke4 Nc6 36. c4 Na5 37. cxb5 Nxb3 38. a4 1/2-1/2

[Event "H.C Andersen Open"]
[Site "Odense"]
[Date "2013.05.12"]
[Round "9"]
[White "Semcesen, Daniel"]
[Black "Christensen, Bo Garner"]
[Result "0-1"]
[WhiteElo "2473"]
[BlackElo "2247"]
[PlyCount "82"]
[EventDate "2013.05.08"]
[EventType "swiss"]
[EventRounds "9"]
[EventCountry "DEN"]
[SourceTitle "CBM 154 Extra"]
[Source "ChessBase"]
[SourceDate "2013.06.25"]

1. d4 Nf6 2. Nf3 g6 3. c4 Bg7 4. Nc3 O-O 5. e4 d6 6. h3 e5 7. d5 a5 8. Bg5 h6
9. Be3 Na6 10. Nd2 Nc5 11. Be2 Bd7 12. O-O Kh7 13. b3 Ng8 14. a3 b6 15. b4 Nb7
16. Nb3 f5 17. f3 a4 18. Nc1 f4 19. Bf2 Bf6 20. Nd3 Bh4 21. Qe1 Bxf2+ 22. Qxf2
Qg5 23. Kh2 Nf6 24. c5 bxc5 25. bxc5 dxc5 26. Rfb1 Rab8 27. Bf1 Nh5 28. Rxb7
Rxb7 29. Nxc5 Bxh3 30. Nxb7 Bc8 31. Qc5 Rf7 32. Na5 Qh4+ 33. Kg1 Ng3 34. Ne2 g5
35. Nc4 g4 36. Nxe5 gxf3 37. Nxg3 fxg3 38. Nxf3 Rxf3 39. Qxc7+ Kg6 40. Qc6+ Kg5
41. gxf3 Qh2# 0-1

[Event "H.C Andersen Open"]
[Site "Odense"]
[Date "2013.05.12"]
[Round "9"]
[White "Sorensen, Alex"]
[Black "Iversen, Christian"]
[Result "1-0"]
[WhiteElo "1933"]
[BlackElo "1876"]
[PlyCount "53"]
[EventDate "2013.05.08"]
[EventType "swiss"]
[EventRounds "9"]
[EventCountry "DEN"]
[SourceTitle "CBM 154 Extra"]
[Source "ChessBase"]
[SourceDate "2013.06.25"]

1. e4 Nf6 2. Bc4 d5 3. exd5 Nxd5 4. d4 g6 5. Qf3 c6 6. Nc3 Be6 7. Nh3 h6 8. Ne4
Nd7 9. O-O Bg7 10. c3 Qc7 11. Nf4 Nxf4 12. Bxf4 Qa5 13. Bxe6 fxe6 14. Qe3 Qf5
15. Rae1 e5 16. dxe5 Bxe5 17. Bxe5 Qxe5 18. f4 Qc7 19. Ng5 Qb6 20. Ne6 Qxe3+
21. Rxe3 Kf7 22. Rfe1 Nb6 23. Nc7 Nd5 24. Nxd5 cxd5 25. Rxe7+ Kf6 26. g4 g5 27.
R1e6# 1-0